Flags of Countries that are in Southern Europe - Statistics

General Stats
  • This quiz has been taken 74 times
  • The average score is 13 of 14
Answer Stats
Picture Answer % Correct
Albania
96%
Greece
96%
Portugal
96%
Spain
96%
Croatia
95%
Italy
95%
Malta
95%
Bosnia and Herzegovina
93%
Bulgaria
93%
Kosovo
93%
North Macedonia
93%
Slovenia
93%
Montenegro
91%
Serbia
91%
No matching quizzes found
Score Distribution
Percent of People with Each Score
Percentile by Number Answered
Your Score History
You have not taken this quiz